Normal view
MARC view
- Computer Engineering - Ph.D Thesis
Entry Topical Term
001 - CONTROL NUMBER
- control field: 16333
003 - CONTROL NUMBER IDENTIFIER
- control field: NUST
005 - DATE AND TIME OF LATEST TRANSACTION
- control field: 20190702065852.0
008 - FIXED-LENGTH DATA ELEMENTS
- fixed length control field: 190702|| aca||aabn | a|a d
040 ## - CATALOGING SOURCE
- Original cataloging agency: NUST
- Transcribing agency: NUST
150 ## - HEADING--TOPICAL TERM
- Topical term or geographic name entry element: Computer Engineering - Ph.D Thesis
670 ## - SOURCE DATA FOUND
- Source citation: Work cat.: (NUST): Khan, Masud Waqas 16332, Frequency Hopping in Staggered Multi - Hopped Multi - Subnet Environment /, 2012.
